Ελληνο-γαλλο-αγγλική εμπορική και τραπεζική αλληλογραφία = Correspondance commerciale et bancaire Greco-Franco-Anglaise = Greek-French-English commercial and banking letter writer

Αποθηκεύτηκε σε:
Λεπτομέρειες βιβλιογραφικής εγγραφής
Κύριος συγγραφέας: Χαρακτίδης, Κωνσταντίνος Α.
Άλλοι συγγραφείς: Παυλίδης, Γεώργιος Α.
Μορφή: Βιβλίο
Γλώσσα:Greek
Δημοσίευση: Αθήναι : Εκδοτικός Οίκος "Αστήρ", 1961.
Έκδοση:3η εκδ.
Θέματα:
Ετικέτες: Προσθήκη ετικέτας
Δεν υπάρχουν, Καταχωρήστε ετικέτα πρώτοι!

MARC

LEADER 00000cam a2200000 i 4500
001 1/65489
008 150130s1961####gr | | ||| |||| ||gre||
035 |l 10120800 
040 |a GR-MY-UA  |b gre  |e aacr 
041 0 |a gre 
082 0 |a 651.75   |2 (23)  
100 1 |a Χαρακτίδης, Κωνσταντίνος Α. 
245 1 0 |a Ελληνο-γαλλο-αγγλική εμπορική και τραπεζική αλληλογραφία =   |b Correspondance commerciale et bancaire Greco-Franco-Anglaise = Greek-French-English commercial and banking letter writer /   |c Κ. Χαρακτίδου, Γ. Παυλίδου.  
246 1 |i Παράλληλος τίτλος:   |a Correspondance commerciale et bancaire Greco-Franco-Anglaise  
246 1 |i Παράλληλος τίτλος:   |a Greek-French-English commercial and banking letter writer  
250 |a 3η εκδ.  
260 |a Αθήναι :   |b Εκδοτικός Οίκος "Αστήρ",   |c 1961.  
300 |a 240 σ.;   |c 22 εκ.  
500 |a Στο recto σφραγίδα "Τιμής Ενεκεν" και σφραγίδα "Μικτόν Γυμνάσιον Καρλοβασίου Σάμου (Εξατάξιον Α.Ν.129/1967)".  
650 0 0 |a Commercial correspondance, Greek (Modern) 
650 0 0 |a Commercial correspondence, English. 
650 0 0 |a Commercial correspondance, French. 
700 1 |a Παυλίδης, Γεώργιος Α. 
852 |a INST  |b SAMOS  |c PORFYRIADA  |e 20150130  |h 651.75 ΧΑΡ  |p 005300041486  |q 005300041486  |t NOLOAN  |y 23 
901 |a BIBL3-2015-1 
909 |a Σ  |b 186018 
970 |a ΚΟΣΙΕΡΗΣ  |b ΧΡΗΣΤΟΣ  |z 2015/01/30